[Event "Ch France (juniors) (under 18)"]
[Site "Aix les Bains (France)"]
[Round "8"]
[White "Guichard Pauline (FRA)"]
[Black "Noally Thibault (FRA)"]
[Result "1-0"]
[WhiteElo "2287"]
[BlackElo "2043"]

1.d4 d6 2.c4 g6 3.Nf3 Bg4 4.e3 Nd7 5.Nc3 Bg7 6.Be2 c6 7.h3 Bxf3 8.Bxf3 e5 9.d5
c5 10.e4 Ne7 11.a3 a6 12.O-O O-O 13.b4 cxb4 14.axb4 Rc8 15.Qd3 Qc7 16.c5 Rfd8
17.Be3 dxc5 18.d6 Nf8 19.bxc5 Qc6 20.Qe2 {#r} 1-0

[Event "Cup Muresul (cat.8)"]
[Site "Arad (Romania)"]
[Date "2006.05.25"]
[Round "8"]
[White "Shishkin Vadim (UKR)"]
[Black "Butunoi Alexandru (ROM)"]
[Result "1-0"]
[WhiteElo "2484"]
[BlackElo "2400"]

1.d4 d6 2.Nf3 g6 3.c4 Bg7 4.Nc3 Bg4 5.e3 Nc6 6.h3 Bd7 7.Be2 e5 8.O-O f5 9.b4
e4 10.Nd2 Nxb4 11.Rb1 c5 12.Nb5 Bc6 13.a3 Nd3 14.Bxd3 exd3 {#r} 1-0

[Event "Memorial R.Nezhmetdinov"]
[Site "Kazan (Russia)"]
[Date "2006.06.02"]
[Round "2"]
[White "Sadykova Alsu (RUS)"]
[Black "Sharafiev Azat (RUS)"]
[Result "0-1"]
[WhiteElo "2081"]
[BlackElo "2294"]

1.d4 d6 2.c4 e5 3.d5 f5 4.e4 fxe4 5.Nc3 Nf6 6.Qc2 Bf5 7.Nge2 Bg6 8.Be3 c6
9.Rd1 Nbd7 10.h3 Rc8 11.Qb3 cxd5 12.Nxd5 Nxd5 13.cxd5 Be7 14.Nc3 O-O 15.Be2
Bg5 16.O-O Bxe3 17.fxe3 Nc5 18.Qb4 Qg5 19.Bg4 Qxe3+ 20.Kh2 Rcd8 21.Rxf8+ Rxf8
22.Nb5 Qf4+ 23.Kg1 Qf2+ 24.Kh1 e3 25.Qc4 Bd3 {#R} 0-1

[Event "It (cat.7)"]
[Site "Budapest (Hungary)"]
[Date "2006.06.05"]
[Round "2"]
[White "Jakab Attila (HUN)"]
[Black "Seres Lajos (HUN)"]
[Result "1-0"]
[WhiteElo "2402"]
[BlackElo "2444"]

1.d4 d6 2.c4 e5 3.d5 f5 4.e4 fxe4 5.Nc3 Nf6 6.Bg5 Bf5 7.Nge2 Be7 8.Ng3 Bg6
9.Bxf6 gxf6 10.h4 Qd7 11.f3 e3 12.h5 Bf5 13.Bd3 Bxd3 14.Qxd3 Rg8 15.Qxh7 Rxg3
16.Ne4 Rxg2 17.Kf1 f5 18.Kxg2 fxe4 19.Qg6+ Kd8 20.h6 exf3+ 21.Kxf3 Qe8
22.Qxe8+ Kxe8 23.h7 {#r} 1-0

[Event "It"]
[Site "Orel (Russia)"]
[Date "2006.06.21"]
[Round "2"]
[White "Kostromin V"]
[Black "Matjushin Gennady (UKR)"]
[Result "0-1"]
[WhiteElo "2396"]
[BlackElo "2489"]

1.d4 d6 2.c4 e5 3.dxe5 dxe5 4.Qxd8+ Kxd8 5.Nc3 Be6 6.f4 Nd7 7.Nf3 f6 8.fxe5
Nxe5 9.Nxe5 fxe5 10.b3 Nf6 11.Bd2 c6 12.e3 Kc7 13.Be2 Rd8 14.O-O-O Ba3+ 15.Kb1
Bf5+ 16.Ka1 Bc2 {#R} 0-1

[Event "Ch Bosnia & Herzegovina (team)"]
[Site "Teslic (Bosnia & Herzegovina)"]
[Date "2006.06.23"]
[Round "6"]
[White "Kozul Zdenko (CRO)"]
[Black "Jovanovic Zoran (CRO)"]
[Result "0-1"]
[WhiteElo "2589"]
[BlackElo "2539"]

1.d4 d6 2.Nf3 g6 3.c4 Bg7 4.Nc3 c5 5.d5 Bxc3+ 6.bxc3 f5 7.a4 Qa5 8.Ra3 Nf6
9.Bh6 Nbd7 10.Nd2 Rg8 11.Bg5 Ne5 12.e3 Bd7 13.Be2 Nf7 14.Bf4 Qc7 15.a5 e5
16.dxe6 Bxe6 17.O-O g5 18.Bg3 O-O-O 19.f4 Rde8 20.Rb3 Bd7 21.Qb1 gxf4 22.Rxf4
Ne5 23.Rxf5 Nfg4 24.Rh5 Nxe3 25.Ne4 Re6 26.Rxh7 Reg6 27.Bf3 Nxf3+ 28.gxf3 Nxc4
{#R} 0-1

[Event "Memorial Duras (open)"]
[Site "Brno (Czech Republic)"]
[Date "2006.07.07"]
[Round "7"]
[White "Majer Jiri (CZE)"]
[Black "Salmoiraghi Angelo (ITA)"]
[Result "1-0"]
[WhiteElo "2287"]
[BlackElo "2035"]

1.d4 d6 2.Nf3 Nd7 3.Bf4 Ngf6 4.h3 c6 5.Nbd2 Qc7 6.e4 e5 7.Be3 Be7 8.c3 a5 9.a4
O-O 10.Be2 Re8 11.O-O Nf8 12.Qc2 Ng6 13.dxe5 dxe5 14.Nc4 Nd7 15.Rfd1 b6 16.Rd2
Bc5 17.Rad1 Bxe3 18.Nxe3 Nc5 19.Bc4 Be6 20.Bxe6 Rxe6 21.Ng5 Ree8 22.b4 h6
23.bxc5 hxg5 24.Rd7 Qb8 25.Qb3 Rf8 26.cxb6 Ra6 27.b7 Qa7 28.Nc4 {#r} 1-0

[Event "It (open)"]
[Site "Alajuela (Costa Rica)"]
[Date "2006.07.14"]
[Round "6"]
[White "Hernandez Basante Francisco (CRC)"]
[Black "Valdes Leonardo (CRC)"]
[Result "0-1"]
[WhiteElo "2278"]
[BlackElo "2396"]

1.d4 d6 2.Bg5 g6 3.h4 h6 4.Bf4 Bg7 5.Nc3 c6 6.e4 Qb6 7.Qf3 Qxd4 8.a3 Qb6
9.O-O-O Nf6 10.e5 dxe5 11.Bxe5 Bg4 12.Qf4 Bxd1 13.Bxb8 Nh5 14.Qc7 Qxc7 15.Bxc7
Bg4 {#R} 0-1

[Event "It (open)"]
[Site "Agios Kirykos (Greece)"]
[Date "2006.07.16"]
[Round "6"]
[White "David Edwin (NOR)"]
[Black "Koukoufikis Georgios (GRE)"]
[Result "0-1"]
[WhiteElo "2204"]
[BlackElo "2200"]

1.d4 d6 2.c4 e5 3.d5 Be7 4.Nc3 Na6 5.Nf3 f5 6.b4 Nf6 7.e3 O-O 8.Qb3 Kh8 9.c5
e4 10.Ng5 h6 11.h4 Ng4 12.Ne6 Bxe6 13.c6 Bc8 14.Nb5 bxc6 15.dxc6 Bxh4 16.g3
Bf6 {#R} 0-1

[Event "It (open)"]
[Site "Biel (Switzerland)"]
[Date "2006.07.24"]
[Round "1"]
[White "Cebalo Miso (CRO)"]
[Black "Lada Ireneusz (POL)"]
[Result "1-0"]
[WhiteElo "2489"]
[BlackElo "2141"]

1.d4 d6 2.Nf3 Bg4 3.e4 Nf6 4.Nc3 e6 5.h3 Bh5 6.g4 Bg6 7.Qe2 Nfd7 8.Be3 c6
9.Nd2 h5 10.Rg1 hxg4 11.hxg4 e5 12.O-O-O Qc7 13.f4 f6 14.Qf2 Na6 15.g5 Bh5
16.Rh1 O-O-O 17.Bxa6 bxa6 18.Rdg1 Be7 19.g6 exf4 20.Qxf4 f5 21.Qxf5 Rdf8
22.Qe6 Rf6 23.Qxe7 {#r} 1-0

[Event "It (open)"]
[Site "Cullera (Spain)"]
[Date "2006.07.25"]
[Round "5"]
[White "Martin Rodriguez Emilio (ESP)"]
[Black "Pavia Miralles J M (ESP)"]
[Result "1-0"]
[WhiteElo "2130"]
[BlackElo "2274"]

1.d4 d6 2.c4 e5 3.dxe5 dxe5 4.Qxd8+ Kxd8 5.Nc3 Be6 6.e4 Nc6 7.Nf3 f6 8.Be3 Kc8
9.O-O-O Nh6 10.h3 Nf7 11.g4 Be7 12.Nd5 Bd8 13.Be2 Nb8 14.Bc5 Re8 15.Ba3 c6
16.Ne3 Nd7 17.Nf5 g6 18.Ng7 {#r} 1-0

[Event "It (open)"]
[Site "Dieren (Netherlands)"]
[Date "2006.07.26"]
[Round "2"]
[White "Schuurman Petra (NED)"]
[Black "Hendriks Willy (NED)"]
[Result "0-1"]
[WhiteElo "2239"]
[BlackElo "2438"]

1.d4 d6 2.Nf3 Bg4 3.c4 Nd7 4.g3 Bxf3 5.exf3 g6 6.Bd2 Bg7 7.Bc3 Ngf6 8.Bg2 O-O
9.f4 d5 10.Nd2 dxc4 11.Bxb7 Rb8 12.Bg2 Nb6 13.O-O Nfd5 14.Nf3 e6 15.Ne5 Bxe5
16.fxe5 Nxc3 17.bxc3 Nd5 18.Qa4 Nxc3 19.Qxc4 Qxd4 20.Qxc7 Rfc8 21.Qe7 Rb5
22.Rae1 Ra5 23.Re3 Rxa2 24.h4 h5 25.Bh3 Nd5 26.Qd7 Rc7 27.Qd8+ Kh7 28.Ree1
Rcc2 {#R} 0-1

[Event "Tournament"]
[Site "Zabrze (Poland)"]
[Date "2006.08.12"]
[Round "5"]
[White "Turlej Lukasz (POL)"]
[Black "Sroka Janusz (POL)"]
[Result "1-0"]
[WhiteElo "2153"]
[BlackElo "2083"]

1.d4 d6 2.c4 e5 3.Nf3 exd4 4.Qxd4 Nc6 5.Qd2 Nf6 6.Nc3 Be7 7.b3 O-O 8.g3 Bf5
9.Bg2 d5 10.cxd5 Bb4 11.dxc6 Ne4 12.Qxd8 Raxd8 13.Bb2 Bxc3+ 14.Bxc3 Nxc3
15.cxb7 Nxe2 16.b8=Q Rxb8 17.Kxe2 Rfe8+ 18.Kd2 Rbd8+ 19.Kc3 Rd3+ 20.Kb4 Be4
21.Rhd1 Rxf3 22.Bxf3 Bxf3 23.Re1 Rb8+ 24.Kc5 {#r} 1-0

[Event "Ch Russia (for the Deaf)"]
[Site "Dmitrov (Russia)"]
[Date "2006.08.15"]
[Round "6"]
[White "Ivanov Mikhail M (RUS)"]
[Black "Oborina Elena (RUS)"]
[Result "1-0"]
[WhiteElo "2451"]
[BlackElo "2078"]

1.d4 d6 2.Nf3 Bg4 3.c4 Bxf3 4.gxf3 e5 5.dxe5 dxe5 6.Qb3 Nc6 7.Qxb7 Nge7 8.e3
Rb8 9.Qa6 Rb6 10.Qa4 Rb4 11.Qc2 g6 12.Bd2 Rb8 13.Nc3 Nb4 14.Qa4+ c6 15.Ne4 Bg7
16.Bxb4 O-O 17.Qa3 Re8 18.Rd1 {#r} 1-0

[Event "Ch NATO"]
[Site "Berkshire "]
[Date "2006.08.23"]
[Round "4"]
[White "Macaspac Arthur (USA)"]
[Black "Schott Guido (GER)"]
[Result "0-1"]
[WhiteElo "2083"]
[BlackElo "2178"]

1.d4 d6 2.Nf3 Bg4 3.e4 Nf6 4.Nc3 c6 5.Be2 Nbd7 6.O-O e5 7.Re1 Be7 8.Be3 O-O
9.h3 Bh5 10.a4 Bg6 11.Bd3 d5 12.dxe5 Nxe4 13.Bf4 f5 14.Qc1 Bc5 15.Nd1 Qe7
16.c4 Bh5 17.cxd5 cxd5 18.Ne3 Bxf3 19.gxf3 Qh4 20.Bxe4 fxe4 21.Bg3 Qxh3
22.fxe4 Rxf2 23.Bxf2 Nxe5 24.Ng2 Bxf2+ 25.Kxf2 Rf8+ 26.Ke2 {#R} 0-1

[Event "Memorial Adolfo Pedrido (open)"]
[Site "Vilagarcia de Arousa (Spain)"]
[Date "2006.08.29"]
[Round "5"]
[White "Crespo Gavilan Abel (ESP)"]
[Black "Garcia Castro Pablo (ESP)"]
[Result "0-1"]
[WhiteElo "2019"]
[BlackElo "2390"]

1.d4 d6 2.c4 e5 3.dxe5 dxe5 4.Qxd8+ Kxd8 5.Nc3 Be6 6.e4 c6 7.Nf3 f6 8.Be2 Nd7
9.O-O Bb4 10.Nd1 a5 11.a3 Bc5 12.Be3 a4 13.Rc1 Ne7 14.Bxc5 Nxc5 15.Nd2 Nc8
16.Ne3 Nd6 17.Rfd1 b6 18.Nb3 Nxb3 19.Rxd6+ Ke7 20.Rcd1 Nd4 21.R6xd4 exd4
22.Rxd4 Rhd8 23.Rxd8 Rxd8 24.Kf1 Rd2 25.Nd1 Rc2 26.Bd3 Bxc4 {#R} 0-1

[Event "It (open)"]
[Site "Imperia (Italy)"]
[Date "2006.09.07"]
[Round "6"]
[White "Astengo Marcello (ITA)"]
[Black "Malano Francesco (ITA)"]
[Result "1-0"]
[WhiteElo "2110"]
[BlackElo "2000"]

1.d4 d6 2.Nf3 g6 3.Bg5 Bg7 4.e3 c5 5.c3 Qb6 6.Na3 Nf6 7.Nc4 Qc7 8.Bd3 O-O 9.h3
Bf5 10.Bxf5 gxf5 11.Rc1 Nbd7 12.O-O e6 13.Bf4 Ne4 14.Nxd6 Nxd6 15.dxc5 e5
16.cxd6 Qa5 17.Bg3 Qxa2 18.Nh4 Qe6 19.Qf3 Qxd6 20.Nxf5 Qb6 21.Qg4 Qf6 22.Bh4
h5 23.Bxf6 hxg4 24.Bxg7 gxh3 25.Bxf8 hxg2 26.Kxg2 {#r} 1-0

[Event "It (open) "]
[Site "Nuernberg (Germany)"]
[Date "2006.09.08"]
[Round "3"]
[White "Bromberger Stefan (GER)"]
[Black "Schupp Uwe (GER)"]
[Result "1-0"]
[WhiteElo "2505"]
[BlackElo "2170"]

1.d4 d6 2.Bf4 Nf6 3.Nf3 Nh5 4.Bc1 Nd7 5.e4 Nhf6 6.e5 Nd5 7.c4 N5b6 8.e6 fxe6
9.Bd3 Nf6 10.Ng5 g6 11.Qc2 Rg8 12.O-O c6 13.Re1 Rg7 14.Nd2 Qc7 15.Nxh7 Nxh7
16.Bxg6+ Kd8 17.Bxh7 Qd7 18.Bg6 e5 19.dxe5 Qg4 20.Be4 Bf5 21.g3 Rf7 22.exd6
Bg7 23.Bxf5 Rxf5 24.dxe7+ {#r} 1-0

[Event "It (open)"]
[Site "Graz (Austria)"]
[Date "2006.09.21"]
[Round "6"]
[White "Krumpacnik Domen (SLO)"]
[Black "Fauland Peter (AUT)"]
[Result "1-0"]
[WhiteElo "2407"]
[BlackElo "2216"]

1.d4 d6 2.Nf3 Bg4 3.Nbd2 Nd7 4.b3 g6 5.h3 Bxf3 6.Nxf3 Bg7 7.Bb2 e5 8.e4 exd4
9.Bxd4 Bxd4 10.Nxd4 Qe7 11.Bd3 d5 12.O-O dxe4 13.Bxe4 O-O-O 14.Bxb7+ Kxb7
15.Qf3+ Kc8 16.Qa8+ Nb8 17.Nc6 Qd6 18.Qxb8+ Kd7 19.Nxd8 {#r} 1-0

[Event "Ch Czech Republic (1/2 final)"]
[Site "Havlickuv Brod (Czech Republic)"]
[Date "2006.09.24"]
[Round "2"]
[White "Roubalik Jakub (CZE)"]
[Black "Vokac Marek (CZE)"]
[Result "0-1"]
[WhiteElo "2103"]
[BlackElo "2507"]

1.d4 d6 2.Nf3 Bg4 3.e4 Nf6 4.Bd3 e6 5.O-O Be7 6.Bg5 Nbd7 7.Nbd2 h6 8.Bxf6 Bxf6
9.c3 O-O 10.Re1 e5 11.d5 c6 12.c4 Nc5 13.Nf1 a5 14.h3 Bd7 15.g4 cxd5 16.cxd5
Bg5 17.Ng3 g6 18.Kg2 Rc8 19.Rh1 Bf4 20.Ng1 Qb6 21.Rb1 Ba4 22.b3 Nxd3 23.Qxd3
Bb5 24.Qd1 Bxg3 25.Kxg3 Rc3+ 26.f3 Qe3 {#R} 0-1

[Event "Ch Belgium (team) (2) 2006/07"]
[Site "Belgium"]
[Date "2006.11.19"]
[Round "4"]
[White "Pinter Jozsef (HUN)"]
[Black "Maes Thomas (BEL)"]
[Result "1-0"]
[WhiteElo "2513"]
[BlackElo "2204"]

1.d4 d6 2.Nf3 Bg4 3.c4 Bxf3 4.gxf3 c6 5.Nc3 g6 6.f4 Bg7 7.Bg2 Nd7 8.O-O Ngf6
9.e4 O-O 10.Be3 e6 11.Qf3 Nb6 12.b3 d5 13.e5 Nfd7 14.cxd5 cxd5 15.Qg3 Kh8
16.Rfe1 a6 17.Ne2 Rg8 18.Bd2 Nb8 19.Kh1 Nc6 20.Rg1 Nc8 21.f5 gxf5 22.Bg5 f6
23.Nf4 Re8 24.Bh4 Qe7 25.Nh5 {#r} 1-0

[Event "It (open)"]
[Site "Montpellier (France)"]
[Round "3"]
[White "Prie Eric (FRA)"]
[Black "Dadban Ali (FRA)"]
[Result "1-0"]
[WhiteElo "2516"]
[BlackElo "2169"]

1.d4 d6 2.Nf3 Bg4 3.e4 c6 4.h3 Bh5 5.Nc3 Nf6 6.Qe2 Bxf3 7.Qxf3 e5 8.Be3 Nbd7
9.g4 h6 10.O-O-O Qa5 11.Kb1 b5 12.d5 b4 13.dxc6 bxc3 14.cxd7+ Kd8 15.Bc4 Rb8
16.b3 Rb4 17.Ka1 Be7 18.Rd3 Nxd7 19.Qxf7 Rf8 20.Qxg7 Rxc4 21.bxc4 Bf6 22.Qh7
Kc7 23.Rb1 Kc6 24.c5 {#r} 1-0

[Event "It (open)"]
[Site "Montigny le Bretonneux (France)"]
[Date "2006.12.30"]
[Round "6"]
[White "Legky Nikolay A (UKR)"]
[Black "Aurel Luc (FRA)"]
[Result "1-0"]
[WhiteElo "2464"]
[BlackElo "2135"]

1.d4 d6 2.Nf3 Bg4 3.e4 Nf6 4.h3 Bh5 5.Nc3 e6 6.g4 Bg6 7.Qe2 a6 8.Bg2 Be7 9.Bf4
Nfd7 10.O-O-O b5 11.Bg3 b4 12.Nb1 Nb6 13.Nh2 d5 14.exd5 Nxd5 15.f4 Qd6 16.Nd2
Nd7 17.h4 b3 18.axb3 a5 19.Nc4 Qa6 20.f5 a4 21.Bxd5 exd5 22.Rhe1 O-O 23.Ne5
Qb7 24.Nxd7 Ba3 25.bxa3 axb3 26.Nc5 b2+ 27.Kb1 Qc6 28.Rd3 {#r} 1-0

[Event "It (open)"]
[Site "Verona (Italy)"]
[Date "2007.01.07"]
[Round "7"]
[White "Gromovs Sergejs (ITA)"]
[Black "Jurkovic Ante (CRO)"]
[Result "1-0"]
[WhiteElo "2370"]
[BlackElo "2324"]

1.d4 d6 2.Nf3 Bg4 3.e4 Nd7 4.Bc4 Ngf6 5.h3 Bxf3 6.Qxf3 Nb6 7.Bb3 e5 8.c3 g6
9.O-O Bg7 10.a4 a5 11.dxe5 dxe5 12.Be3 Qd6 13.Na3 O-O 14.Nb5 Qc6 15.Rfe1 Nc4
16.Bc1 Rad8 17.Qe2 Nb6 18.Bc2 Nfd7 19.b4 Nc4 20.Bb3 Ndb6 21.Na7 {#r} 1-0

[Event "It (open)"]
[Site "Marianske Lazne (Czech Republic)"]
[Date "2007.01.23"]
[Round "4"]
[White "Mazja Aleksandr G (RUS)"]
[Black "Most Zdenek (CZE)"]
[Result "1-0"]
[WhiteElo "2314"]
[BlackElo "2165"]

1.d4 d6 2.Nf3 g6 3.Bf4 Bg7 4.e4 c5 5.c3 Qb6 6.Qb3 Qxb3 7.axb3 cxd4 8.Nxd4 Bxd4
9.cxd4 Nc6 10.Be3 Nf6 11.f3 Bd7 12.d5 Nb4 13.Rxa7 Rxa7 14.Bxa7 O-O 15.Na3 Rc8
16.Kd2 Be8 17.Be2 Nd7 18.Rc1 Nc5 19.Bxc5 dxc5 20.Nc4 f5 21.Nb6 Rc7 22.e5 Kf8
23.Ke3 h6 24.d6 exd6 25.exd6 Rg7 26.Rxc5 Nc6 27.b4 Nxb4 28.Rc8 {#r} 1-0

[Event "Bundesliga B West 2006/07"]
[Site "Austria"]
[Date "2007.01.27"]
[Round "8"]
[White "Tabernig Bernhard (AUT)"]
[Black "Hengl Christian (AUT)"]
[Result "1-0"]
[WhiteElo "2336"]
[BlackElo "2207"]

1.d4 d6 2.Nf3 Bg4 3.c3 Nf6 4.h3 Bxf3 5.exf3 c6 6.Bd3 e6 7.O-O Be7 8.Qc2 Nbd7
9.f4 Qc7 10.Nd2 O-O-O 11.a4 d5 12.Nf3 Bd6 13.Ne5 Nf8 14.b4 Ne8 15.b5 c5
16.dxc5 Bxc5 17.a5 f6 18.b6 Qe7 19.a6 fxe5 20.axb7+ Kb8 21.bxa7+ Kxb7 22.a8=Q+
Rxa8 23.Qb3+ Bb6 24.Be3 Nd7 25.Bxb6 Nxb6 26.Rxa8 {#r} 1-0

[Event "It (open)"]
[Site "Moscow (Russia)"]
[Date "2007.01.31"]
[Round "5"]
[White "Ezhikov Vitaly (RUS)"]
[Black "Konenkin Dmitry_ (RUS)"]
[Result "0-1"]
[WhiteElo "2102"]
[BlackElo "2328"]

1.d4 d6 2.Nf3 Bg4 3.e3 Nd7 4.c4 g6 5.h3 Bxf3 6.Qxf3 c6 7.e4 Bg7 8.Be3 Qb6
9.Qe2 Bxd4 10.Bxd4 Qxd4 11.Nc3 Ngf6 12.Rd1 Qb6 13.g3 O-O 14.Bg2 Nh5 15.Qd2 f5
16.Bf3 Ng7 17.Qe2 Ne5 18.Bg2 f4 19.gxf4 Rxf4 20.O-O Raf8 21.b3 Qa5 22.Qc2 Nf3+
23.Bxf3 Rxf3 24.Rd3 Qg5+ {#R} 0-1

[Event "Ch City (open)"]
[Site "Subotica (Serbia)"]
[Date "2007.02.26"]
[Round "4"]
[White "Arbutina Sinisa (SRB)"]
[Black "Pacal Mihaly (SRB)"]
[Result "1-0"]
[WhiteElo "2293"]
[BlackElo "2223"]

1.d4 d6 2.c4 e5 3.Nf3 e4 4.Nfd2 Nf6 5.e3 c6 6.Nc3 d5 7.Be2 Bb4 8.Qb3 Qa5 9.a3
Bxc3 10.Qxc3 Qxc3 11.bxc3 Nbd7 12.a4 O-O 13.O-O Re8 14.Ba3 b6 15.cxd5 cxd5
16.Rfc1 Bb7 17.c4 Ba6 18.Bd1 dxc4 19.Nxc4 Nd5 20.Nd6 Re7 21.Nb5 Ree8 22.Bb3
{#r} 1-0

[Event "Tournament (Elo) (a)"]
[Site "Budapest (Hungary)"]
[Date "2007.03.05"]
[Round "3"]
[White "Szabo Bence (HUN)"]
[Black "Weiler Wolfgang (GER)"]
[Result "1-0"]
[WhiteElo "2160"]
[BlackElo "2259"]

1.d4 d6 2.g3 g6 3.Bg2 Bg7 4.Nc3 c6 5.e4 e5 6.dxe5 dxe5 7.Qxd8+ Kxd8 8.f4 Na6
9.Be3 Nf6 10.O-O-O+ Ke8 11.h3 Be6 12.Nge2 Nd7 13.Rhf1 Bc4 14.f5 Bf8 15.g4 Bc5
16.Bxc5 Ndxc5 17.Rfe1 f6 18.h4 Ke7 19.Ng3 Rad8 20.g5 Bf7 21.Rf1 Rxd1+ 22.Nxd1
Nd7 23.Bh3 Nab8 24.Ne3 Be8 25.Ng4 fxg5 26.hxg5 h5 27.gxh6 Nf6 28.fxg6 {#r} 1-0

[Event "Bundesliga"]
[Site "Austria"]
[Date "2007.03.10"]
[Round "10"]
[White "Schweda Roland (AUT)"]
[Black "Kleissl Helmut (AUT)"]
[Result "1-0"]
[WhiteElo "2418"]
[BlackElo "2302"]

1.d4 d6 2.c4 e5 3.Nf3 e4 4.Ng5 f5 5.g3 Be7 6.Nh3 Nf6 7.Nc3 c6 8.d5 Na6 9.Bg2
Nc7 10.f3 cxd5 11.cxd5 exf3 12.exf3 O-O 13.O-O b5 14.Nf4 Qe8 15.Re1 Qf7 16.Ne6
Nxe6 17.dxe6 Qh5 18.Nxb5 f4 19.Nd4 fxg3 20.hxg3 Bb7 21.Be3 Qg6 22.Rc1 Rac8
23.Qd2 Nh5 24.g4 Ng3 25.Rxc8 Rxc8 26.Bf2 Bh4 27.Bxg3 Ra8 {#r} 1-0

[Event "Memorial G.Agzamov (open)"]
[Site "Tashkent (Uzbekistan)"]
[Date "2007.03.21"]
[Round "7"]
[White "Safin Shukhrat (UZB)"]
[Black "Djuraev Sokhib (TJK)"]
[Result "1-0"]
[WhiteElo "2493"]
[BlackElo "2297"]

1.d4 d6 2.Nf3 g6 3.c4 Bg7 4.Nc3 e5 5.g3 exd4 6.Nxd4 Ne7 7.Bg2 Nbc6 8.Be3 O-O
9.O-O Ne5 10.b3 Ng4 11.Qd2 Nxe3 12.Qxe3 Re8 13.Qd2 c6 14.Rad1 Qc7 15.Ne4 a5
16.Qf4 Nf5 17.Nf3 h6 18.c5 g5 19.cxd6 Qd8 20.Nfxg5 hxg5 21.Nxg5 Be5 22.Qg4 Qd7
23.Bh3 f6 24.Qc4+ Kf8 25.Bxf5 {#r} 1-0

[Event "Ch Central Region"]
[Site "Tula (Russia)"]
[Date "2007.03.24"]
[Round "8"]
[White "Voronin Nikita (RUS)"]
[Black "Tkachenko Evgeny D (RUS)"]
[Result "1-0"]
[WhiteElo "2105"]
[BlackElo "2122"]

1.d4 d6 2.Nf3 g6 3.c4 Bg7 4.Nc3 Nc6 5.Bg5 Bg4 6.e3 Nf6 7.Be2 h6 8.Bh4 g5 9.Bg3
Nh5 10.Rb1 Bf5 11.Bd3 Qd7 12.d5 Nb4 13.Bxf5 Qxf5 14.Qa4+ c6 15.Qxb4 Bxc3+
16.bxc3 cxd5 17.Qb5+ Kf8 18.O-O b6 19.Qxd5 Qxd5 20.cxd5 Rc8 21.Rfc1 {#r} 1-0

[Event "It (open)"]
[Site "Gorzow Wlkp (Poland)"]
[Date "2007.04.06"]
[Round "1"]
[White "Krajewicz Pawel (POL)"]
[Black "Czerwonski Aleksander (POL)"]
[Result "0-1"]
[WhiteElo "2004"]
[BlackElo "2379"]

1.d4 d6 2.c4 e5 3.Nf3 e4 4.Nfd2 f5 5.g3 Nf6 6.Bg2 c6 7.O-O d5 8.cxd5 cxd5 9.f3
Nc6 10.fxe4 fxe4 11.Nb3 Be7 12.Nc3 O-O 13.Bf4 b6 14.Qd2 Be6 15.Rfc1 Qd7 16.a4
Rac8 17.Rf1 Bb4 18.Rac1 h6 19.Qd1 g5 20.Bd2 Bd6 21.Nb5 Bb8 22.a5 Ng4 23.Rxf8+
Rxf8 24.axb6 axb6 25.Qc2 Ne7 26.Nc3 Nxh2 27.Kxh2 Bxg3+ 28.Kh1 Qe8 {#R} 0-1

[Event "Ch Baden"]
[Site "Oberwinden (Germany)"]
[Date "2007.04.06"]
[Round "1"]
[White "Vogelbacher Georg (GER)"]
[Black "Vatter Hans-Joachim (GER)"]
[Result "0-1"]
[WhiteElo "2164"]
[BlackElo "2326"]

1.d4 d6 2.c4 e5 3.d5 f5 4.Nc3 Nf6 5.Bg5 Be7 6.Bxf6 Bxf6 7.e4 g6 8.exf5 gxf5
9.Qh5+ Ke7 10.f4 Qe8 11.Be2 Qxh5 12.Bxh5 Nd7 13.Nge2 Nc5 14.Kd2 Bd7 15.Rhg1
Rhg8 16.Rae1 a5 17.h3 Raf8 18.Kc2 Kd8 19.b3 Rg7 20.a3 exf4 21.b4 Ne4 22.Nxe4
fxe4 23.Nxf4 Rg3 24.Bg4 Ba4+ {#R} 0-1

[Event "Tournament (team)"]
[Site "Nis (Yugoslavia)"]
[Date "2007.04.19"]
[Round "1"]
[White "Markovic Dejan (SRB)"]
[Black "Jovanovic Miroslav (SRB)"]
[Result "1-0"]
[WhiteElo "2309"]
[BlackElo "2052"]

1.d4 d6 2.Nf3 Bg4 3.Nbd2 Nd7 4.b3 e5 5.dxe5 Bxf3 6.Nxf3 Nxe5 7.Bb2 Nxf3+
8.exf3 Nf6 9.Bd3 Be7 10.O-O O-O 11.c4 Ne8 12.Qc2 h6 13.Rae1 Bf6 14.Bc1 d5
15.cxd5 Qxd5 16.Be4 Qb5 17.a4 Qa6 18.Ba3 Nd6 19.Qxc7 Nxe4 20.Bxf8 Nd2 21.Be7
Nxf1 22.Bxf6 Nd2 23.Bxg7 Nxb3 24.Bb2 Qa5 25.Qg3+ Qg5 26.Qc7 Nd2 27.Qc3 Kh7
28.h4 {#r} 1-0

[Event "Cup Serbia (team)"]
[Site "Mataruska Banja (Serbia)"]
[Date "2007.05.22"]
[Round "2"]
[White "Petrovic Zarko (SRB)"]
[Black "Joksimovic Dragoljub (SRB)"]
[Result "0-1"]
[WhiteElo "2134"]
[BlackElo "2179"]

1.d4 d6 2.Nf3 g6 3.Bg5 Bg7 4.c3 Nf6 5.Nbd2 h6 6.Bh4 Nbd7 7.e4 e5 8.dxe5 dxe5
9.Be2 O-O 10.g4 Qe8 11.h3 Nc5 12.Qc2 b5 13.Bxf6 Bxf6 14.Nf1 Bb7 15.Ng3 Rd8
16.b4 Ne6 17.a4 a6 18.axb5 axb5 19.Ra7 Bc6 20.O-O Nf4 21.Kh2 Qe6 22.Rd1 h5
23.Rxd8 Bxd8 24.Ng1 h4 25.Nf1 Qf6 26.Bf3 Ne6 27.Ne2 {#R} 0-1

[Event "Cup Maia Chiburdanidze"]
[Site "Tbilisi (Georgia)"]
[Date "2007.06.11"]
[Round "6"]
[White "Nigalidze Gaioz (GEO)"]
[Black "Gavasheli Ana (GEO)"]
[Result "1-0"]
[WhiteElo "2440"]
[BlackElo "2209"]

1.d4 d6 2.Bg5 g6 3.c4 Bg7 4.Nc3 c6 5.Nf3 Nf6 6.e4 O-O 7.Bd3 Qc7 8.Qd2 Re8
9.Bh6 Bh8 10.h4 e5 11.d5 Ng4 12.h5 Nxh6 13.Qxh6 Bg7 14.Qd2 Na6 15.hxg6 fxg6
16.O-O-O Nc5 17.Bc2 Bf8 18.Rh4 Rb8 19.Rdh1 Re7 20.g4 a5 21.Qe3 Rg7 22.Ng5 Qe7
23.Rxh7 Rxh7 24.Rxh7 Qxh7 25.Nxh7 Kxh7 26.g5 Be7 27.Na4 Nxa4 28.Qa7 {#r} 1-0

[Event "It (open)"]
[Site "Pula (Croatia)"]
[Date "2007.06.26"]
[Round "4"]
[White "Ramirez Alejandro (CRC)"]
[Black "Medak Bojan (CRO)"]
[Result "1-0"]
[WhiteElo "2505"]
[BlackElo "2374"]

1.d4 d6 2.c4 e5 3.Nf3 Nc6 4.Nc3 g6 5.g3 Bg7 6.dxe5 Nxe5 7.Bg2 Nf6 8.Bf4 Qe7
9.c5 O-O 10.cxd6 cxd6 11.O-O Bg4 12.Nd4 h6 13.Qb3 Rac8 14.Rac1 g5 15.Bd2 Nc4
16.Rfd1 Nxd2 17.Rxd2 d5 18.Rcd1 Be6 19.e3 Rfd8 20.Nxe6 fxe6 21.e4 d4 22.Nb5
Ng4 23.Bh3 Ne5 24.Bxe6+ {#r} 1-0